000 00363nam a2200157Ia 4500
003 OSt
005 20240224095953.0
008 170524s9999 xx 000 0 und d
020 _a978-0470979815
040 _cIIMT UNIVERSITY MEERUT
100 _aConners O
245 0 _aPractical Relibilily Engineering
260 _bWiley
260 _c2006
942 _2ddc
_c02
999 _c5176
_d5176